Missing Word: British Actors and Actresses II Quiz Stats

 Plays Quiz Updated Dec 29, 2017

Challenge
Share
Tweet
Embed
Score 0/24 Timer 04:00
0 Plays Today
Actor/Actress Missing Word % Correct
Colin FirthLove
95%
Daniel RadcliffePrince
94.7%
Colin FirthSpeech
92.5%
Colin FirthPatient
89.4%
Kate WinsletSpotless
86%
Dame Maggie SmithMarigold
80.2%
Kate WinsletRoad
79.3%
Rachel WeiszBourne
76.7%
Idris ElbaPacific
74.2%
Colin FirthMcPhee
72.1%
Rachel WeiszGardener
69.2%
Daniel RadcliffeArmy
68.9%
Actor/Actress Missing Word % Correct
Dame Maggie SmithJean
67.6%
Rachel WeiszEnemy
66.2%
Daniel RadcliffeWoman
64.5%
Kate WinsletSteve
63.5%
Idris ElbaThor
54.7%
Dame Maggie SmithGosford
52.3%
Idris ElbaDark
51.7%
Dame Maggie SmithSecrets
47.8%
Rachel WeiszMummy
39.3%
Kate WinsletHeavenly
29.9%
Idris ElbaNation
25.7%
Daniel RadcliffeDarlings
20.2%

Today's Daily Dose

You're not logged in!

Compare scores with friends on all Sporcle quizzes.
Join for Free
OR
Log In

You Might Also Like...

Show Comments

Extras

Top Quizzes Today


Score Distribution

Your Account Isn't Verified!

In order to create a playlist on Sporcle, you need to verify the email address you used during registration. Go to your Sporcle Settings to finish the process.

Report this User

Report this user for behavior that violates our Community Guidelines.

Details: